10 Beliebtesten Jungennamen in England - Statistiken

Allgemein
  • Dieses Quiz wurde 59 mal gespielt
  • Das Durchschnittsergebnis liegt bei 3 aus 10
Antwortstatistiken
# Name % Korrekt
4 George
56%
7 Harry
53%
9 Jack
42%
2 Noah
28%
6 Leo
26%
3 Oliver
23%
8 Oscar
12%
5 Arthur
9%
10 Archie
7%
1 Muhammad
7%
Keine übereinstimmenden Quizze gefunden
Verteilung der Resultate
Anzahl Personen mit jedem Resultat
Perzentil nach korrekt beantworteten Fragen
Ihre Resultats-Entwicklung
Sie haben dieses Quiz noch nicht gespielt